FA Cup runner-ups (1973-2023) - Statistics

General Stats
  • This quiz has been taken 77 times
  • The average score is 41 of 51
Answer Stats
Hint Answer % Correct
1977 Liverpool
95%
1988 Liverpool
95%
1996 Liverpool
95%
2012 Liverpool
95%
1978 Arsenal
90%
1980 Arsenal
90%
2001 Arsenal
90%
1994 Chelsea
90%
2002 Chelsea
90%
2017 Chelsea
90%
2020 Chelsea
90%
2021 Chelsea
90%
2022 Chelsea
90%
1981 Man City
88%
2013 Man City
88%
1974 Newcastle
88%
1998 Newcastle
88%
1999 Newcastle
88%
2000 Aston Villa
86%
2015 Aston Villa
86%
1973 Leeds
86%
1990 Crystal Palace
83%
2016 Crystal Palace
83%
1987 Tottenham
83%
1985 Everton
81%
1986 Everton
81%
1989 Everton
81%
2009 Everton
81%
1975 Fulham
81%
2006 West Ham
80%
1976 Man United
78%
1979 Man United
78%
1995 Man United
78%
2005 Man United
78%
2007 Man United
78%
2018 Man United
78%
2023 Man United
78%
1991 Nottingham Forest
76%
1992 Sunderland
76%
1984 Watford
76%
2019 Watford
76%
2008 Cardiff City
73%
1983 Brighton
68%
2010 Portsmouth
68%
2003 Southampton
68%
2014 Hull City
66%
2011 Stoke City
66%
1982 QPR
63%
1993 Sheffield Wednesday
63%
1997 Middlesbrough
56%
2004 Millwall
56%
No matching quizzes found
Score Distribution
Percent of People with Each Score
Percentile by Number Answered
Your Score History
You have not taken this quiz